Normal view
MARC view
- Mühlemann, Alan
Entry Personal Name
001 - CONTROL NUMBER
- control field: 111667
003 - CONTROL NUMBER IDENTIFIER
- control field: NUST
005 - DATE AND TIME OF LATEST TRANSACTION
- control field: 20230403104808.0
008 - FIXED-LENGTH DATA ELEMENTS
- fixed length control field: 230403|| aca||aabn | a|a d
040 ## - CATALOGING SOURCE
- Original cataloging agency: NUST
- Transcribing agency: NUST
100 ## - HEADING--PERSONAL NAME
- Personal name: Mühlemann, Alan
670 ## - SOURCE DATA FOUND
- Source citation: Work cat.: (NUST): Mühlemann, Alan, Production and Operations Management, 2016.
